| 000 | 00769cam a2200241 a 4500 | ||
|---|---|---|---|
| 001 | 4032319 | ||
| 005 | 20180308032132.0 | ||
| 008 | 980220s1998 nyua b 001 0 eng | ||
| 010 | _a 98008990 | ||
| 020 | _a1566430631 (pbk.) | ||
| 040 |
_aDLC _cDLC _dDLC |
||
| 041 | _aeng | ||
| 043 | _aaw----- | ||
| 080 | _a306.20956 KAM | ||
| 082 | 0 | 0 |
_a306.20956 KAM _221 |
| 100 | 1 | _a20 | |
| 101 | _aPOL | ||
| 245 | 1 | 0 |
_aDemocracy in the balance : _cMehran Kamrava. |
| 504 | _aIncludes bibliographical references (p. 266-291) and index. | ||
| 906 |
_a7 _bcbc _corignew _d1 _eocip _f19 _gy-gencatlg |
||
| 942 |
_2ddc _cBK |
||
| 999 |
_c44356 _d44356 |
||